[Event "COL-chT (Women)"]
[Site "Ibague"]
[Date "2017.07.20"]
[Round "3.1"]
[White "Alvarez Ortega, Gabriela"]
[Black "Valencia Lopez, Daily Vanessa"]
[Result "0-1"]
[WhiteElo "1538"]
[BlackElo "1677"]
[PlyCount "88"]
[EventDate "2017.07.19"]
[EventType "team-swiss"]
[EventRounds "6"]
[EventCountry "COL"]
[SourceTitle "CBM 179 Extra"]
[Source "ChessBase"]
[SourceDate "2017.08.23"]
[SourceVersion "1"]
[SourceVersionDate "2017.08.23"]
[SourceQuality "1"]
[WhiteTeam "Cordoba (W)"]
[BlackTeam "Caqueta (W)"]
[WhiteTeamCountry "COL"]
[BlackTeamCountry "COL"]

1. d4 d5 2. Nf3 Nf6 3. Bf4 e6 4. e3 Be7 5. Bd3 0-0 6. h3 c5 7. c3 Nbd7 8. Nbd2 b6 9. 0-0 Bb7 10. Ne5 Nxe5 11. Bxe5 Rc8 12. Nf3 h6 13. Rc1 c4 14. Bc2 b5 15. Nh2 b4 16. Bxf6 Bxf6 17. cxb4 Qb6 18. a3 a5 19. bxa5 Qxa5 20. Qe1 Qxe1 21. Rfxe1 Be7 22. Ba4 Ra8 23. Bb5 Rfb8 24. Nf3 f6 25. Nd2 Ba6 26. Bxa6 Rxa6 27. Rc2 Rab6 28. Rb1 Bxa3 29. bxa3 Rxb1+ 30. Nxb1 Rxb1+ 31. Kh2 Ra1 32. Rc3 Kf7 33. f3 Rb1 34. a4 Ra1 35. e4 Rxa4 36. Kg3 Ra2 37. h4 Rd2 38. Ra3 Kg6 39. Ra7 h5 40. exd5 exd5 41. f4 Rxd4 42. f5+ Kxf5 43. Rxg7 Rg4+ 44. Rxg4 hxg4 0-1

[Event "COL-chT (Women)"]
[Site "Ibague"]
[Date "2017.07.19"]
[Round "2.1"]
[White "Chavez Dulce, Angie Marcela"]
[Black "Alvarez Ortega, Gabriela"]
[Result "1-0"]
[WhiteElo "1766"]
[BlackElo "1538"]
[PlyCount "92"]
[EventDate "2017.07.19"]
[EventType "team-swiss"]
[EventRounds "6"]
[EventCountry "COL"]
[SourceTitle "CBM 179 Extra"]
[Source "ChessBase"]
[SourceDate "2017.08.23"]
[SourceVersion "1"]
[SourceVersionDate "2017.08.23"]
[SourceQuality "1"]
[WhiteTeam "Narino (W)"]
[BlackTeam "Cordoba (W)"]
[WhiteTeamCountry "COL"]
[BlackTeamCountry "COL"]

1. e4 e5 2. Nf3 Nc6 3. Bb5 d6 4. d4 exd4 5. Nxd4 Bd7 6. Nc3 Nf6 7. Bg5 Be7 8. 0-0 h6 9. Bh4 0-0 10. f4 a6 11. Be2 Nh7 12. Bxe7 Qxe7 13. Qd3 Nb4 14. Qd2 c5 15. Nf3 Nc6 16. Rad1 Nf6 17. Qxd6 Qxd6 18. Rxd6 Bg4 19. e5 Nd7 20. h3 Be6 21. a3 Rad8 22. Bxa6 bxa6 23. Rxc6 Rc8 24. Rxc8 Rxc8 25. Rd1 Rc6 26. g4 g6 27. Nd5 Bxd5 28. Rxd5 Nb6 29. Rd8+ Kg7 30. b3 f6 31. Kf2 a5 32. exf6+ Rxf6 33. Ke3 Re6+ 34. Ne5 Kf6 35. Kf3 g5 36. Nd3 c4 37. Nc5 Rc6 38. b4 axb4 39. axb4 Nc8 40. Rd4 Nd6 41. Rxd6+ Rxd6 42. Ne4+ Ke6 43. Nxd6 Kxd6 44. f5 Ke5 45. c3 Kd6 46. Ke4 Ke7 1-0

[Event "Bogota Superate Cat A Girls"]
[Site "Bogota"]
[Date "2015.10.18"]
[Round "5.3"]
[White "Alvarez Ortega, Gabriela"]
[Black "Diaz, Luisa Fernanda"]
[Result "0-1"]
[WhiteElo "1602"]
[BlackElo "1537"]
[PlyCount "50"]
[EventDate "2015.10.16"]
[EventType "swiss"]
[EventRounds "5"]
[EventCountry "COL"]
[SourceTitle "EXT 2024"]
[Source "ChessBase"]
[SourceDate "2023.10.10"]
[SourceVersion "1"]
[SourceVersionDate "2023.10.10"]
[SourceQuality "1"]

1. d4 Nf6 2. c4 e6 3. Nc3 Bb4 4. Bd2 0-0 5. Nf3 b6 6. e3 Bb7 7. a3 Bxc3 8. Bxc3 Ne4 9. Nd2 Nxc3 10. bxc3 d6 11. Nf3 Nd7 12. d5 Nf6 13. dxe6 fxe6 14. Be2 Ne4 15. Rc1 Qf6 16. Qd3 Ng5 17. Nxg5 Qxg5 18. Rg1 Qh4 19. Bf3 Bxf3 20. gxf3 Rxf3 21. Rc2 Raf8 22. Rg2 Qh3 23. Qf1 Qf5 24. Rd2 Rxe3+ 25. Kd1 Qb1# 0-1

[Event "COL-ch Superate A (Women)"]
[Site "Colombia"]
[Date "2015.10.18"]
[Round "2.1"]
[White "Alvarez Ortega, Gabriela"]
[Black "Fraile Vela, Maria Isabel"]
[Result "1-0"]
[WhiteElo "1602"]
[BlackElo "1671"]
[PlyCount "107"]
[EventDate "2015.10.18"]
[EventType "swiss (blitz)"]
[EventRounds "12"]
[EventCountry "COL"]
[SourceTitle "EXT 2024"]
[Source "ChessBase"]
[SourceDate "2023.10.10"]
[SourceVersion "1"]
[SourceVersionDate "2023.10.10"]
[SourceQuality "1"]

1. d4 d5 2. c4 e6 3. Nc3 Nf6 4. Nf3 Be7 5. Bf4 0-0 6. e3 dxc4 7. Bxc4 Nd5 8. Bxd5 exd5 9. 0-0 Nc6 10. h3 Be6 11. Ne5 Nxe5 12. Bxe5 f6 13. Bh2 Bd6 14. Bxd6 Qxd6 15. Rc1 c6 16. a3 Qe7 17. b4 Qf7 18. Qf3 Qg6 19. Ne2 Bf5 20. Nf4 Qf7 21. Qh5 Qxh5 22. Nxh5 g6 23. Ng3 Bd7 24. Ne2 Rae8 25. g3 Bxh3 26. Rfe1 Bf5 27. Kh2 Bd3 28. Rc3 Bxe2 29. Rxe2 Re7 30. Kg2 Rfe8 31. Kf3 f5 32. Rc1 g5 33. Kg2 Re4 34. Rce1 Kg7 35. f3 R4e7 36. g4 f4 37. e4 h6 38. e5 Kg6 39. Kh3 Rh7 40. Rh1 h5 41. Kg2 Ree7 42. gxh5+ Rxh5 43. Rxh5 Kxh5 44. Re1 Kg6 45. Rh1 Rh7 46. Rxh7 Kxh7 47. Kh3 Kg6 48. Kg4 Kh6 49. Kf5 Kh5 50. e6 g4 51. fxg4+ Kh4 52. Kxf4 Kh3 53. e7 Kg2 54. e8Q 1-0

[Event "COL-ch Superate A (Women)"]
[Site "Colombia"]
[Date "2015.10.18"]
[Round "10.3"]
[White "Cayon, Laura Valentina"]
[Black "Alvarez Ortega, Gabriela"]
[Result "1-0"]
[WhiteElo "1632"]
[BlackElo "1602"]
[PlyCount "93"]
[EventDate "2015.10.18"]
[EventType "swiss (blitz)"]
[EventRounds "12"]
[EventCountry "COL"]
[SourceTitle "EXT 2024"]
[Source "ChessBase"]
[SourceDate "2023.10.10"]
[SourceVersion "1"]
[SourceVersionDate "2023.10.10"]
[SourceQuality "1"]

1. Nf3 d6 2. d3 e5 3. g3 Nf6 4. Bg2 Nc6 5. 0-0 Bd7 6. Nbd2 Be7 7. e4 0-0 8. Ne1 h6 9. Nb3 a6 10. f4 exf4 11. Bxf4 Qc8 12. Rf2 Bh3 13. Bh1 Qg4 14. Qxg4 Bxg4 15. Nf3 Bxf3 16. Bxf3 Rfe8 17. Nd2 Nd4 18. Bd1 c5 19. c3 Ne6 20. Be3 Rab8 21. Bb3 b5 22. Nf3 Ng4 23. Re2 Nxe3 24. Rxe3 Bf6 25. Re2 a5 26. Bd5 Nc7 27. Bc6 Re6 28. Bd7 Re7 29. Bh3 Rbe8 30. Rae1 g5 31. g4 Kg7 32. Kg2 Kg6 33. Kf2 Be5 34. Bg2 Bg7 35. h4 Ne6 36. h5+ Kh7 37. Ng1 Nf4 38. Re3 Nxg2 39. Kxg2 d5 40. Kf3 dxe4+ 41. Rxe4 Rxe4 42. Rxe4 Re5 43. Rxe5 Bxe5 44. Ke4 f6 45. Nf3 Bf4 46. Kd5 Be3 47. d4 1-0

[Event "Bogota Superate Cat A Girls"]
[Site "Bogota"]
[Date "2015.10.17"]
[Round "4.2"]
[White "Alvarez Ortega, Gabriela"]
[Black "Hoyos Garces, Rosana"]
[Result "1-0"]
[WhiteElo "1602"]
[BlackElo "1404"]
[PlyCount "101"]
[EventDate "2015.10.16"]
[EventType "swiss"]
[EventRounds "5"]
[EventCountry "COL"]
[SourceTitle "EXT 2024"]
[Source "ChessBase"]
[SourceDate "2023.10.10"]
[SourceVersion "1"]
[SourceVersionDate "2023.10.10"]
[SourceQuality "1"]

1. d4 d5 2. c4 e6 3. Nc3 Nf6 4. Nf3 Be7 5. Bf4 0-0 6. e3 b6 7. Be2 Bb7 8. 0-0 Nbd7 9. h3 c5 10. b3 cxd4 11. exd4 Rc8 12. Rc1 Ba3 13. Rc2 Be7 14. Re1 Re8 15. Bd3 Nf8 16. Ne5 Ng6 17. Bxg6 fxg6 18. Nf3 Nh5 19. Ne2 Rf8 20. Be5 dxc4 21. bxc4 Bxf3 22. gxf3 Bb4 23. Rf1 Qg5+ 24. Ng3 Nf4 25. Bxf4 Rxf4 26. Qc1 Rcf8 27. Qe3 h5 28. Kh2 Kh7 29. Ne2 R4f5 30. Qxg5 Rxg5 31. f4 Bd6 32. Kh1 Bxf4 33. Nxf4 Rxf4 34. c5 Rf3 35. Kh2 bxc5 36. dxc5 Rff5 37. c6 Rc5 38. Rfc1 Rxc6 39. Rxc6 Ra5 40. R1c2 e5 41. R6c5 Ra4 42. Rxe5 Kh6 43. Kg2 Kh7 44. Re7 a5 45. Ra7 Ra3 46. Rc5 Rxa2 47. Rcxa5 Re2 48. Rd5 Kh6 49. Rdd7 Re4 50. Rxg7 Kg5 51. Ra6 1-0